Quizzes
Events
Quiz Creation
Community
Videos
Private Events
Remove Ads
Sign In
Join for FREE
Feedback
Dark Mode
Quiz Categories
Sports
Geography
Music
Movies
Television
Just For Fun
Miscellaneous
History
Literature
Language
Science
Gaming
Entertainment
Religion
Holiday
For Kids
Quiz Lab
Recent
Popular Today
Quiz Kudos Today
Editor Picks
Curator Picks
Quizzes by...
Day
Popularity
Type
Ratings
Length
Year
Community
Subscriptions
Recent Discussions
Orange Saloon
Badges
Playlists
Quests
Create
Leaderboards
Showdown
Live 5
Trivia Bingo
Activity
Puzzle Library
Sporcle Events
Private Events
Virtual Trivia
Globe League
Become a Host
Pub Owners
SporcleCon
Opinionation
Our Games
Videos
Blog
Mobile Apps
Partnerships
Remove Ads and Go Orange
Feedback
Movies
Disney
Marvel Cinematic Universe
Movie Resume
Movie Titles
Oscar
Actor
Actress
Director
Pixar
Role
Movie Quotes
Movie Characters
Box Office
Nominee
Best Picture
Star Wars
James Bond
Horror Movies
Movies
Disney
Marvel Cinematic Universe
Movie Resume
Movie Titles
Oscar
Actor
Actress
Director
Pixar
Role
Movie Quotes
Movie Characters
Box Office
Nominee
Best Picture
Star Wars
James Bond
Horror Movies
Random Quiz
Search Sporcle
×
Quiz Lab
Quiz Lab
Movies
Horror Movies
Type in answers that appear in a list
Type in answers that appear in a list
Classic
Best Score? Go Orange.
Horror Films Beginning With C Stats
Can you name the Horror Films Beginning With C?
By
silversham2
14m
57 Questions
334 Plays
334 Plays
334 Plays
Comments
Comments
Give Quiz Kudos
Give Quiz Kudos
-
- Ratings
hide this ad
Replay
Link that replays current quiz
Next Quiz
Link to next quiz in quiz playlist
You Got
0%
They Got
Avg Score
44%
Avg Friend Score
Upgrade to see
Score Distribution
Jump to the score distribution portion of the page
Score
0/57
Timer
14:00
0
Plays Today
Hint
Title
% Correct
Another possessed car goes on another rampage.
The Car
91.6%
Adaptation of Stephen King's first novel has scariest jump scare ever.
Carrie
86.8%
Car, owner develop codependent relationship.
Christine
85.6%
Dee Wallace gets dogged by rabid St. Bernard.
Cujo
84.7%
The most fun for intelligent people involving cubes since Rubik made his.
Cube
78.7%
Kids get religion, adults get the axe.
Children of the Corn
77.8%
Notorious documentary style film that got its director arrested for animal cruelty and suspected murder.
Cannibal Holocaust
75.7%
Homage to 1950s horror comics.
Creepshow
74.3%
Outcast schoolgirls dabble in witchcraft.
The Craft
71.3%
J-
Lo goes inside a maniac's mind.
The Cell
68.6%
Flesh-
eating disease ruins vacation.
Cabin Fever
66.8%
Controversial Kubrick classic about free will and violence.
A Clockwork Orange
66.5%
Wil Wheaton in loose Lovecraft adaptation.
Curse
63.2%
Early horror film, and a masterpiece of the German Expressionist style.
The Cabinet of Dr Caligari
59.9%
Urban legend in the projects.
Candyman
59%
Lesser-
known anthology of King stories, connected by a kitty.
Cat's Eye
59%
Ex-
con stalks lawyer's family.
Cape Fear
58.7%
Sexually charged film about people who are real animals in the sack.
The Cat People
56.9%
Overzealous robots patrol mall.
Chopping Mall
56.6%
George C. Scott is again in a movie where malevolence uses a wheelchair.
The Changeling
56%
Virally-
marketed monster movie.
Cloverfield
55.1%
Hammer's Frankenstein reboot.
The Curse of Frankenstein
55.1%
Recursive serial killer copies a copycat serial killer.
Copycat
54.2%
Chemical weapons turn citizens homicidal, triggering martial law.
The Crazies
53%
Subterranean Zombie Dwellers.
C.H.U.D.
51.8%
Guerillas, gorillas both pose threat in Africa.
Congo
50.9%
Psycho punishes those who don't forward a chain letter.
Chain Letter
48.5%
Doc discovers conspiracy behind coma epidemic at her hospital.
Coma
48.2%
AKA Dellamorte Dellamore: Cemetary caretaker gets involved with zombie-
killing and necrophilia.
Cemetery Man
45.8%
Hint
Title
% Correct
Lycanthropy gets the Hammer Studios treatment.
Curse of the Werewolf
44.3%
Creepy kids with psychic powers and cobalt hair.
Children of the Damned
42.8%
'Make Them Die Slowly!' The other classic Italian cannibal movie (besides #40)
Cannibal Ferox
41.6%
Little Red Riding Hood retold as a fable about sex...with werewolves.
The Company of Wolves
39.2%
Expedition discovers missing link in Amazon.
Creature from the Black Lagoon
38.6%
Gates of hell open; dead walk the earth.
City of the Living Dead
36.5%
Broken Lizard gets slashed up in paradise.
Club Dread
33.8%
Kids make up hoax about serial killer, who turns out to be real.
Cry_Wolf
32.9%
Silent movie adaptation of Lovecraft's classic story.
The Call of Cthulhu
32.9%
Social worker gets in over her head.
Case 39
28.4%
Young woman has near-
death experience. The Other Side wants to make it a full-
death experience.
Carnival of Souls
27.8%
Vietnam vets turn cannibals in the big city.
Cannibal Apocalypse
25.1%
Alien eggs make people explode. Totally not a ripoff of Alien, not at all!
Contamination
22.8%
Giant eyes lurk in the Alps, plot world domination.
The Crawling Eye
22.2%
Classic bad movie-
-
monster that resembles a walking carpet eats people.
The Creeping Terror
19.5%
Small town down under kills motorists and scavenges the wrecks.
The Cars That Ate Paris
19.5%
Underage girl stalks a journalist.
The Crush
19.2%
Fashion model gets subjected to tiresome torture porn antics. Directed by the man who gave us The Killing Fields.
Captivity
17.7%
Homage to a certain homage to 1950s horror comics.
Chillerama
17.4%
Giallo about murders connected to drug company research.
Cat O'Nine Tails
16.5%
Biker babes versus the undead.
Chopper Chicks in Zombietown
15.3%
All-
star cast of horror icons in dark comedy about an undertaker who. . . proactively increases demand for his services.
Comedy of Terrors
14.7%
Astronaut's hand takes on life of its own.
The Crawling Hand
14.1%
Italian take on The Blob.
Caltiki the Immortal Monster
11.1%
Filmmakers shooting horror film encounter real zombies.
Children Shouldn't Play With Dead Things
10.2%
Chronicles a butcher's attempt to cover up an accidential homicide by committing several deliberate ones.
The Cannibal Man
9.3%
Cryogenically frozen bodies are dethawed, become zombies.
The Chilling
6%
Zombie gangster on the loose.
Creature with the Atom Brain
3.9%
Quiz Playlist
Details
Report
Send in Message
Add To Playlist
Classic:
Type in answers that appear in a list
Last Updated: Feb 16, 2017
Quiz Scoreboard
CHALLENGE
Sign Up to Join the Scoreboard
Show All
Scores
Hide
Comments
May contain spoilers
Recently Published
Movies - When Are They Set?
by FPL_Elf
Movies
5m
Popular People in 1961
by mucciniale
History
6m
1-10 Letter E Words III
by El_Dandy
Language
2m
More to Explore
Quiz From the Vault
Featured Blog Post
Where Did the Easter Bunny Come From?
hide this ad
You Might Also Like...
Tags
Horror Movies Quiz
horror
Today's Top Quizzes in Movies
Browse Movies
hide this ad
Today's Top Quizzes in Horror Movies
Browse Horror Movies
Top Contributed Quizzes in Movies
1
Pick 5 Posters: Directed by Spielberg
2
Multi-Oscar Nominations, One Movie, One Winner
3
One Thing in Common: Movies
4
12 Movies about Fictional 1960s Events
5
One Thing in Common: Movies II
6
Sunday Crossword: Film Score Composers
7
Three Word 'H' Movies Match Up
8
Three Word 'T' Movies Match Up
9
One Thing in Common: Oscars
10
Three Word 'M' Movies Match Up
Explore More
Trending Topics
Marvel
Crossword
NBA
Harry Potter
Disney
Kpop
Anime
The Office
Puzzle
Pokémon
Country
NFL
Soccer
WWE
Song
hide this ad
More By:
silversham2
Quiz
Plays
Rating
Category
Featured
Created
Top 100 Slasher Movies
2,593
3.46
Movies
Mar 25, 2015
57 Horror Movies Beginning With D
784
4.60
Movies
Jan 24, 2012
57 Horror Movies Beginning With H
749
3.33
Movies
Feb 6, 2012
57 Horror Films Beginning With S
477
3.00
Movies
Feb 1, 2012
57 Horror Movies Beginning With I and J
466
4.75
Movies
Jan 24, 2012
Go to Creator's Profile
Score Distribution
Quiz Creator Spotlight
silversham2
Follow
Send a Message
Quizzes Created
-
Created Quiz Play Count
-
More By This Creator
Popular Quizzes Today
1
Find the Countries of Europe - No Outlines Minefield
2
Find the US States - No Outlines Minefield
3
The Countries of the World
4
Popular People in 1961
5
US States
6
1-10 Letter E Words III
7
Find the US States
8
One Thing in Common: World Cities II
More Movies Quizzes
Best Pictures From the 1990s
Published
Trending Quizzes
Risky Map Clicking: Least Populous States A-Z
1-10 Letter F Words
1-10 Letter G Words
One Thing in Common: United Kingdom
Risky Map Clicking: Next State Alphabetically
Recently Updated
Leaping Animals
pecheneg
Reality TV Shows (A-Z)
bhenderson79
Rickey Henderson's Hall of Fame Teammates
pecheneg
Champions League XIs: Arsenal
pecheneg
Quick Pick: Celebrities in WWE's Hall of Fame
aduchscher
A-Z Keypad Blitz II
pecheneg
Multiple Oscar Actors
pecheneg
Mystery Phrase Blitz: Oscar 'Best Actors'
pecheneg
F. Scott Fitzgerald Novels
LTH
Pick 3 Villains
ddd62291
Trending Topics
Harry Potter
Anime
NBA
Disney
Kpop
Crossword
Marvel
Song
Puzzle
Country
Pokémon
The Office
Soccer
NFL
WWE
Your Account Isn't Verified!
In order to create a playlist on Sporcle, you need to verify the email address you used during registration. Go to your
Sporcle Settings
to finish the process.
Report this User
Report this user for behavior that violates our
Community Guidelines
.
Details:
Send Report
Go to the Sporcle.com Mobile Site →
Comments